[Event "Jersey op"]
[Site "St Clement Bay"]
[Date "2018.04.03"]
[Round "5.13"]
[White "Pitcher, Thomas"]
[Black "Stewart, Ashley"]
[Result "0-1"]
[WhiteElo "1910"]
[BlackElo "2148"]
[PlyCount "96"]
[EventDate "2018.03.31"]
[EventType "swiss"]
[EventRounds "9"]
[EventCountry "GCI"]
[SourceTitle "CBM 183 Extra"]
[Source "ChessBase"]
[SourceDate "2018.04.19"]
[SourceVersion "1"]
[SourceVersionDate "2018.04.19"]
[SourceQuality "1"]

1. Nf3 Nf6 2. d4 g6 3. c4 Bg7 4. Nc3 0-0 5. e4 d6 6. Bg5 c5 7. d5 e6 8. Qd2 exd5 9. cxd5 Re8 10. Be2 Bg4 11. 0-0 Nbd7 12. Rfe1 a6 13. a4 Qc7 14. h3 Bxf3 15. Bxf3 c4 16. Qf4 Rab8 17. g4 Re5 18. h4 Qd8 19. Be2 b5 20. axb5 axb5 21. Ra6 Nc5 22. Rc6 Qe7 23. f3 b4 24. Nb5 h6 25. Bxf6 Bxf6 26. Bxc4 Bxh4 27. Rc7 Nd7 28. Ra1 Bg5 29. Qg3 Be3+ 30. Kf1 h5 31. Ra6 Bc5 32. Na7 h4 33. Qf4 g5 34. Qd2 Qf6 35. Kg2 Nb6 36. Be2 Rbe8 37. Bd1 Nc4 38. Qe2 Ne3+ 39. Kh1 Qf4 40. Rxc5 dxc5 41. Nc6 Nxg4 42. Nxe5 Nxe5 43. Ra5 c4 44. d6 Qg3 45. Rd5 Nd3 46. d7 Rd8 47. Qg2 Qxg2+ 48. Kxg2 Nf4+ 0-1

[Event "Jersey op"]
[Site "St Clement Bay"]
[Date "2016.04.14"]
[Round "6"]
[White "Merry, Alan B"]
[Black "Pitcher, Thomas"]
[Result "1-0"]
[WhiteElo "2375"]
[BlackElo "1723"]
[PlyCount "65"]
[EventDate "2016.04.10"]
[EventType "swiss"]
[EventRounds "9"]
[EventCountry "GCI"]
[SourceTitle "CBM 171 Extra"]
[Source "ChessBase"]
[SourceDate "2016.04.26"]
[SourceVersion "1"]
[SourceVersionDate "2016.04.26"]
[SourceQuality "1"]

1. b3 d5 2. Bb2 Nf6 3. e3 Bf5 4. f4 e6 5. Nf3 Nbd7 6. g3 c6 7. Bg2 Qc7 8. 0-0 0-0-0 9. d3 Bc5 10. Qe2 Qb6 11. d4 Be7 12. c4 Ne4 13. Nbd2 Bg4 14. Rfc1 h5 15. Qf1 h4 16. cxd5 exd5 17. Nxe4 dxe4 18. Nd2 hxg3 19. hxg3 f5 20. a4 c5 21. Qc4 Kb8 22. a5 Qb4 23. Bc3 Qxc4 24. Nxc4 cxd4 25. Bxd4 Nc5 26. Bxg7 Rhg8 27. Be5+ Ka8 28. b4 Nd7 29. Bc7 Rc8 30. Nb6+ Nxb6 31. axb6 a6 32. Bf1 Bd8 33. Bxa6 1-0

[Event "GBR-ch Major 98th"]
[Site "Sheffield"]
[Date "2011.07.27"]
[Round "3"]
[White "Pitcher, Thomas"]
[Black "Stables, Gordon"]
[Result "0-1"]
[WhiteElo "2032"]
[BlackElo "1966"]
[PlyCount "160"]
[EventDate "2011.07.25"]
[EventType "swiss"]
[EventRounds "11"]
[EventCountry "ENG"]
[SourceTitle "EXT 2012"]
[Source "ChessBase"]
[SourceDate "2011.11.24"]
[SourceVersion "1"]
[SourceVersionDate "2011.11.24"]
[SourceQuality "1"]

1. d4 Nf6 2. Nf3 e6 3. c4 Bb4+ 4. Bd2 Qe7 5. a3 Bxd2+ 6. Qxd2 0-0 7. Nc3 d6 8. e3 b6 9. Be2 Bb7 10. Qc2 Nbd7 11. 0-0 Rac8 12. e4 e5 13. d5 Nh5 14. Rfe1 a5 15. b4 Ra8 16. g3 Ndf6 17. Nh4 g6 18. Ng2 Bc8 19. Ne3 Kg7 20. Nb5 Bh3 21. Rec1 Rfc8 22. Bf3 Qd7 23. Qe2 Kh8 24. Qd3 Ng7 25. Bg2 h5 26. Nf1 h4 27. Nd2 Ngh5 28. Qe3 Kg7 29. Nf3 hxg3 30. fxg3 Bxg2 31. Kxg2 Qg4 32. Nc3 Nf4+ 33. Kh1 Nh3 34. Rf1 Rh8 35. Nh4 Ng5 36. Rxf6 Kxf6 37. Rf1+ Kg7 38. Qf2 f5 39. exf5 Rxh4 40. gxh4 Ne4 41. Nxe4 Qxe4+ 42. Kg1 Qxf5 43. Qg3 Qh5 44. Qh3 axb4 45. axb4 Qe2 46. Qd7+ Kh6 47. Qe7 Qe3+ 48. Kh1 Qe4+ 49. Kg1 Qe3+ 50. Kh1 Qe4+ 51. Kg1 Qg4+ 52. Kh1 e4 53. c5 bxc5 54. bxc5 dxc5 55. Qxc5 Qxh4 56. Qxc7 e3 57. Qe5 Qg5 58. Qe6 Ra7 59. Qh3+ Kg7 60. Qf3 Qf5 61. Qg2 Qe5 62. Qf3 e2 63. Qf8+ Kh7 64. Re1 Qxd5+ 65. Kg1 Rf7 66. Qxf7+ Qxf7 67. Rxe2 Qf3 68. Rg2 Kh6 69. Rg3 Qe2 70. h3 Kh5 71. Rg2 Qf3 72. Kh2 Kh4 73. Rg4+ Kh5 74. Rg3 Qf4 75. Kg2 Qd2+ 76. Kf3 Qe1 77. Rg4 Qh1+ 78. Kg3 Qg1+ 79. Kf3 Qh2 80. Rg3 g5 0-1

[Event "GBR-ch Major 98th"]
[Site "Sheffield"]
[Date "2011.07.26"]
[Round "2"]
[White "McCarthy, Damian"]
[Black "Pitcher, Thomas"]
[Result "0-1"]
[WhiteElo "1817"]
[BlackElo "2032"]
[PlyCount "106"]
[EventDate "2011.07.25"]
[EventType "swiss"]
[EventRounds "11"]
[EventCountry "ENG"]
[SourceTitle "EXT 2012"]
[Source "ChessBase"]
[SourceDate "2011.11.24"]
[SourceVersion "1"]
[SourceVersionDate "2011.11.24"]
[SourceQuality "1"]

1. e4 c6 2. d4 d5 3. exd5 cxd5 4. Bd3 Nf6 5. c3 Nc6 6. Bf4 e6 7. Nd2 Bd6 8. Bg3 0-0 9. Ngf3 Qc7 10. 0-0 Bxg3 11. hxg3 e5 12. dxe5 Nxe5 13. Nxe5 Qxe5 14. Re1 Qc7 15. Nf3 Bg4 16. Qd2 Rfe8 17. Nd4 a6 18. Rxe8+ Rxe8 19. Re1 Qd8 20. Re3 Kf8 21. Qe1 Rxe3 22. Qxe3 Qe7 23. Qxe7+ Kxe7 24. f3 Bd7 25. Kf2 g6 26. b3 Kd6 27. a4 Be6 28. a5 Nd7 29. b4 Ne5 30. Ke2 Bd7 31. Nb3 Bc6 32. Ke3 f5 33. Be2 Bd7 34. Nc5 Bc8 35. Kf4 h6 36. Ke3 g5 37. Kd4 Nc6+ 38. Ke3 Nxa5 39. Nxa6 Nc6 40. Nc5 d4+ 41. cxd4 Nxb4 42. Bd1 b6 43. Nd3 Nd5+ 44. Kd2 Ba6 45. Bb3 Bxd3 46. Kxd3 b5 47. Kd2 h5 48. Bc2 f4 49. gxf4 gxf4 50. Bf5 Ne3 51. Bh3 b4 52. g3 b3 53. Kc3 fxg3 0-1

[Event "GBR-ch Major 98th"]
[Site "Sheffield"]
[Date "2011.07.25"]
[Round "1"]
[White "Pitcher, Thomas"]
[Black "Dale, Hannah"]
[Result "1/2-1/2"]
[WhiteElo "2032"]
[BlackElo "1803"]
[PlyCount "104"]
[EventDate "2011.07.25"]
[EventType "swiss"]
[EventRounds "11"]
[EventCountry "ENG"]
[SourceTitle "EXT 2012"]
[Source "ChessBase"]
[SourceDate "2011.11.24"]
[SourceVersion "1"]
[SourceVersionDate "2011.11.24"]
[SourceQuality "1"]

1. d4 Nf6 2. Nf3 e6 3. c4 b6 4. g3 Bb7 5. Bg2 c5 6. 0-0 cxd4 7. Nxd4 Bxg2 8. Kxg2 Nc6 9. Nxc6 dxc6 10. Qa4 Qc7 11. Nc3 Be7 12. Bf4 Qb7 13. e4 0-0 14. Rfd1 Rfd8 15. f3 Nd7 16. Qc2 e5 17. Be3 Bc5 18. Qf2 Bxe3 19. Qxe3 Nc5 20. f4 f6 21. f5 Qf7 22. b3 g6 23. h3 gxf5 24. exf5 Rd7 25. b4 Nb7 26. Ne4 Rxd1 27. Rxd1 Kg7 28. Qf3 Rd8 29. Rxd8 Nxd8 30. Nd6 Qd7 31. Qg4+ Kh8 32. Ne4 Qf7 33. Qd1 Nb7 34. Qd3 Kg7 35. g4 b5 36. Nd2 bxc4 37. Qxc4 Qd5+ 38. Qxd5 cxd5 39. a4 Kf7 40. Kf3 Ke7 41. h4 h6 42. Nb3 Nd6 43. Na5 Kd7 44. b5 Kc7 45. Nc6 Nc8 46. g5 e4+ 47. Kf4 fxg5+ 48. hxg5 hxg5+ 49. Kxg5 Nd6 50. f6 a6 51. Nb4 axb5 52. axb5 Kb6 1/2-1/2